• 首页
  • 本馆介绍
  • 公告通知
  • 最新文献
  • 馆藏检索
  • 电子资源
  • 读者导购
  • 参考咨询
  • 我的图书馆
  • 登录
  • 详细信息显示
  • 放入我的书架
  • 预约/预借图书
  • 作者相关作品
  • 分类相关作品
  • 丛书相关作品
  • 出版社相关作品

书目信息

  • 表格格式
  • 工作单格式
  • 卡片格式
题名:
涉税服务相关法律应试指南
    
 
作者: ;中华会计网校 编
分册:  
出版信息: 北京   人民出版社  2015
页数: 402页
开本: 26cm
丛书名: 梦想成真系列辅导丛书
单 册:
中图分类: D922.220.4
科图分类:
主题词: 税法--Shui Fa--中国--资格考试--自学参考资料
电子资源:
ISBN: 978-7-01-015324-7
000 01099nam0 22002651 450
001 350488
005 20161011151502.15
010    @a978-7-01-015324-7@dCNY42.00
100    @a20160125d2015 em y0chiy50 ea
101 0  @achi
102    @aCN@b110000
105    @aa zq 000yy
106    @ar
200 1  @a涉税服务相关法律应试指南@AShe Shui Fu Wu Xiang Guan Fa Lv Ying Shi Zhi Nan@f中华会计网校编
210    @a北京@c人民出版社@d2015
215    @a402页@c照片@d26cm
225 2  @a梦想成真系列辅导丛书@AMeng Xiang Cheng Zhen Xi Lie Fu Dao Cong Shu
300    @a2015年全国税务师职业资格考试
330    @a本书分为历年考试特点分析及应试技巧、应试指导及同步训练、跨章节综合练习题、全真模拟试题及参考答案四部分,内容涉及行政法律制度、行政法基本理论、行政许可法律制度、行政处罚法律制度、行政强制法律制度、债权法律制度、公司法律制度等。
461  0 @12001 @a梦想成真系列辅导丛书
606 0  @a税法@AShui Fa@y中国@x资格考试@j自学参考资料
690    @aD922.220.4@v5
711 02 @a中华会计网校@AZhong Hua Hui Ji Wang Jiao@4编
801  0 @aCN@bTANGWEI@c20160804
905    @b0890285-9@dD922.220.4@e1392@f5
    
    涉税服务相关法律应试指南/中华会计网校编 .-北京:人民出版社,2015
    402页:照片;26cm.-(梦想成真系列辅导丛书)
    2015年全国税务师职业资格考试
    
    ISBN 978-7-01-015324-7:CNY42.00
    本书分为历年考试特点分析及应试技巧、应试指导及同步训练、跨章节综合练习题、全真模拟试题及参考答案四部分,内容涉及行政法律制度、行政法基本理论、行政许可法律制度、行政处罚法律制度、行政强制法律制度、债权法律制度、公司法律制度等。
●
相关链接 在E读中查询图书 在五车中查询图书 在当当中查询图书 在豆瓣中查询图书


正题名:涉税服务相关法律应试指南     索取号:D922.220.4/1392         预约/预借

序号 登录号 条形码 馆藏地/架位号 状态 备注
1 0890285   208902856   第一样本阅览室/ [索取号:D922.220.4/1392] 在馆    
2 0890286   208902865   史法系资料室/ [索取号:D922.220.4/1392] 在馆    
3 0890287   208902874   第一借阅区/ [索取号:D922.220.4/1392] 在馆    
4 0890288   208902883   第一借阅区/ [索取号:D922.220.4/1392] 在馆    
5 0890289   208902892   第一借阅区/ [索取号:D922.220.4/1392] 在馆    
唐山师范学院图书馆 欢迎您!
大连网信软件有限公司© 版权所有